Guess the Transformers (5) - Statistics

General Stats
  • This quiz has been taken 10 times
    9 since last reset
  • The average score is 44 of 95
Answer Stats
Hint Answer % Correct
Autobot Optimus Prime
100%
Dinobot Grimlock
88%
Decepticon Megatron
88%
Predacon Megatron
88%
Dinobot Slug/Slag
88%
Autobot Arcee
75%
Autobot Jazz
75%
Autobot Ratchet
75%
Dinobot Sludge
75%
Seeker Starscream
75%
Dinobot Swoop
75%
Seeker Thundercracker
75%
Combaticon Brawl
63%
Seeker Dirge
63%
Autobot Drift
63%
Autobot Drift
63%
Minicon Frenzy
63%
Autobot Hot Rod
63%
Autobot Hound
63%
Autobot Jetfire
63%
Minicon Laserbeak
63%
Autobot Mudflap
63%
Seeker Ramjet
63%
Minicon Ravage
63%
Minicon Rumble
63%
Decepticon Shockwave
63%
Autobot Sideswipe
63%
Autobot Skids
63%
Seeker Skywarp
63%
Dinobot Snarl
63%
Decepticon Soundwave
63%
Seeker Thrust
63%
Autobot Wheeljack
63%
Maximal Airazor
50%
Combaticon Blast-Off
50%
Stunticon Breakdown
50%
Minicon Buzzsaw
50%
Autobot Crosshairs
50%
Stunticon Drag Strip
50%
Decepticon Galvatron
50%
Autobot Gears
50%
Autobot Huffer
50%
Autobot Ironhide
50%
Autobot Jolt
50%
Mercrenary Lockdown
50%
Combiner Menasor
50%
Stunticon Motormaster
50%
Combaticon Onslaught
50%
Maximal Optimus Primal
50%
Minicon Ratbat
50%
Combaticon Swindle
50%
Combaticon Vortex
50%
Seeker Acid Storm
38%
Autobot Brawn
38%
Combiner Bruticus
38%
Maximal Cheetor
38%
Autobot Chromia
38%
Terrorcon Cyclonus
38%
Stunticon Dead End
38%
Predacon Divebomb
38%
Autobot Elita-1
38%
Seeker Ion Storm
38%
Mercrenary Nightbird
38%
Maximal Rattrap
38%
Maximal Rhinox
38%
Terrorcon Scourge
38%
Decepticon Stinger
38%
Predacon Waspinator
38%
Stunticon Wildrider
38%
Decepticon Astrotrain
25%
Terrorcon Battletrap
25%
Decepticon version Deadlock
25%
Predacon Dinobot
25%
Maximal Dinobot 2/II
25%
Autobot Hotshot
25%
Wrecker Leadfoot
25%
Autobot Moonracer
25%
Decepticon Nitro Zeus
25%
Seeker Nova Storm
25%
Wrecker Roadbuster
25%
Maximal Tigerhawk
25%
Wrecker Topspin
25%
Autobot Windblade
25%
Decepticon Berserker
13%
Decepticon Bludgeon
13%
Dread Crankcase
13%
Dread Crowbar
13%
Autobot Firestar
13%
Predacon Gnaw
13%
Autobot Green Light
13%
Dread Hatchet
13%
Decepticon Lugnut
13%
Maximal Magnaboss
13%
Decepticon Mohawk
13%
Decepticon Sideways
13%
No matching quizzes found
Score Distribution
Percent of People with Each Score
Percentile by Number Answered
Your Score History
You have not taken this quiz since the last reset